Chcete pomáhať polícii?

Podrobná bibliografia
Hlavný autor: pit (Autor)
Médium: Článok
Jazyk:slovenčina
Predmet:

MARC

LEADER 00000nab a2200000 a 4500
001 vtls000897118
003 SK-MaSNL
005 20260302174606.0
008 040720e19980220xo 0 slo
035 |a KE6141 
040 |a KEVKJB  |b slo  |c KEVKJB  |e AACR2 
041 0 |a slo 
044 |a xo  |c SK 
080 |a 351.74  |2 1981 
100 0 |a pit  |4 aut  |9 877320 
245 1 0 |a Chcete pomáhať polícii? 
650 0 7 |a polícia  |2 KEVKJB  |9 1673 
650 0 7 |a pomocníci policajného zboru  |2 KEVKJB  |9 884598 
650 0 7 |a podmienky výberu  |2 KEVKJB  |9 884599 
650 0 7 |a informácie  |2 KEVKJB  |9 1285 
651 7 |a Košice (Slovensko)  |2 KEVKJB  |9 18694 
651 7 |a KE,  |2 KEVKJB  |9 877256 
651 7 |a KE,  |2 KEVKJB  |9 877256 
655 7 |a periodikum  |2 snkbucl  |9 29553 
773 0 8 |t Košický večer  |g Roč. 9  |g Roč. 30, č.35, 20.2.1998, s. 2 
852 |a ZVYKNI  |b KIS3GCP 
999 |c 1404515  |d 1406445